000 00259nam a22001217a 4500
008 180927b xxu||||| |||| 00| 0 eng d
041 _aeng
080 _a541
100 _a12
101 _aKIM
245 _aOrganic Chemistry
_cNoble.B.A
942 _2udc
_cBK
999 _c48631
_d48631